Mathematical and physical tables (Record no. 126879)
[ view plain ]
| 000 -LEADER | |
|---|---|
| fixed length control field | 00551nam a2200229Ia 4500 |
| 003 - CONTROL NUMBER IDENTIFIER | |
| control field | OSt |
| 005 - DATE AND TIME OF LATEST TRANSACTION | |
| control field | 20230929121236.0 |
| 008 - FIXED-LENGTH DATA ELEMENTS--GENERAL INFORMATION | |
| fixed length control field | 210210b1929 xxu||||| |||| 00| 0 eng d |
| 040 ## - CATALOGING SOURCE | |
| Transcribing agency | AL |
| 041 ## - LANGUAGE CODE | |
| Language code of text/sound track or separate title | eng |
| 082 ## - DEWEY DECIMAL CLASSIFICATION NUMBER | |
| Classification number | 538/11 |
| 100 ## - MAIN ENTRY--PERSONAL NAME | |
| Personal name | CLARK (John B) |
| 9 (RLIN) | 135580 |
| 245 ## - TITLE STATEMENT | |
| Title | Mathematical and physical tables |
| 260 ## - PUBLICATION, DISTRIBUTION, ETC. | |
| Place of publication, distribution, etc. | London |
| Name of publisher, distributor, etc. | Oliver & Boyd |
| Date of publication, distribution, etc. | 1929 |
| 300 ## - PHYSICAL DESCRIPTION | |
| Extent | 38 |
| 650 ## - SUBJECT ADDED ENTRY--TOPICAL TERM | |
| Topical term or geographic name entry element | tables |
| 9 (RLIN) | 135581 |
| 650 ## - SUBJECT ADDED ENTRY--TOPICAL TERM | |
| Topical term or geographic name entry element | physical |
| 9 (RLIN) | 135582 |
| 650 ## - SUBJECT ADDED ENTRY--TOPICAL TERM | |
| Topical term or geographic name entry element | Mathematical |
| 9 (RLIN) | 135583 |
| 690 ## - LOCAL SUBJECT ADDED ENTRY--TOPICAL TERM (OCLC, RLIN) | |
| Topical term or geographic name as entry element | Mathematics |
| 9 (RLIN) | 135584 |
| 906 ## - LOCAL DATA ELEMENT F, LDF (RLIN) | |
| a | 008959 |
| 942 ## - ADDED ENTRY ELEMENTS (KOHA) | |
| Source of classification or shelving scheme | Dewey Decimal Classification |
| Koha item type | Book |
| Withdrawn status | Lost status | Damaged status | Not for loan | Collection code | Home library | Current library | Date acquired | Cost, normal purchase price | Total Checkouts | Full call number | Barcode | Date last seen | Price effective from | Koha item type | Shelving location |
|---|---|---|---|---|---|---|---|---|---|---|---|---|---|---|---|
| Rare Book | St Aloysius Library | St Aloysius Library | 02/17/2021 | 0.00 | 538/11 | 008959 | 02/17/2021 | 02/17/2021 | Book | ||||||
| St Aloysius Library | St Aloysius Library | 02/17/2021 | 0.00 | 519/26 | 007887 | 02/17/2021 | 02/17/2021 | Book | |||||||
| St Aloysius Library | St Aloysius Library | 02/17/2021 | 0.00 | 519/27 | 007888 | 02/17/2021 | 02/17/2021 | Book | |||||||
| St Aloysius Library | St Aloysius Library | 02/17/2021 | 0.00 | 519/28 | 007889 | 02/17/2021 | 02/17/2021 | Book | |||||||
| St Aloysius Library | St Aloysius Library | 02/17/2021 | 0.00 | 519/29 | 007890 | 02/17/2021 | 02/17/2021 | Book | |||||||
| St Aloysius Library | St Aloysius Library | 02/17/2021 | 0.00 | 519/30 | 007891 | 02/17/2021 | 02/17/2021 | Book | |||||||
| St Aloysius Library | St Aloysius Library | 02/17/2021 | 0.00 | 519/31 | 007892 | 02/17/2021 | 02/17/2021 | Book | |||||||
| St Aloysius Library | St Aloysius Library | 02/17/2021 | 0.00 | 519/32 | 007893 | 02/17/2021 | 02/17/2021 | Book | |||||||
| St Aloysius Library | St Aloysius Library | 02/17/2021 | 0.00 | 519/33 | 007894 | 02/17/2021 | 02/17/2021 | Book |